| 000 | 00462nam a22001817a 4500 | ||
|---|---|---|---|
| 003 | NUST - PNEC | ||
| 005 | 20170116180841.0 | ||
| 008 | 150821b xxu||||| |||| 00| 0 eng d | ||
| 020 | _a9780070153899 | ||
| 020 | _a0070153892 | ||
| 040 | _cLIBRARY | ||
| 082 | _a620.11 BEE | ||
| 100 |
_95372 _aBeer, Ferdinand P. |
||
| 245 |
_aMechanics of materials _cFerdinand P Beer, |
||
| 260 | _cc2006. | ||
| 650 |
_95373 _aStrength of materials _xME |
||
| 942 |
_2ddc _cBK |
||
| 999 |
_c64409 _d64409 |
||